000 00281nam a22001337a 4500
008 181217b xxu||||| |||| 00| 0 eng d
020 _a0896595773
041 _aeng
080 _a701
100 _a44
101 _aART
245 _aThe Vital Gesture
_cKline,F
942 _2udc
_cBK
999 _c53215
_d53215